000
00210 a2200097 4500
001
14737
100
_a
Harris J
245
_a
Much sounding of bugles
260
_a
London
_b
Hutchinson
_c
090
_c
11517
_d
11517
942
_a
NUST-CAE
_c
M
_c
1689
999
_c
249810
_d
249810